[Event "11th Sigeman & Co"]
[Site "Malmo SWE"]
[Date "2003.04.30"]
[Round "2"]
[White "Hansen, Sune Berg"]
[Black "Hillarp Persson, Tiger"]
[Result "1/2-1/2"]
[WhiteElo "2537"]
[BlackElo "2474"]
[EventDate "2003.04.29"]
[PlyCount "57"]

1.e4 d6 2.d4 Nf6 3.Nc3 g6 4.Be3 c6 5.Nf3 Nbd7 6.Bd3 Qc7 7.Qd2 b5 8.O-O Bb7
9.Rfe1 e5 10.a4 a6 11.dxe5 dxe5 12.Bh6 Be7 13.h3 Rd8 14.Qe3 Bc5 15.Qg5 Be7
16.Qe3 Bc5 17.Qc1 Qd6 18.Ne2 Nf8 19.Qg5 N6d7 20.Red1 f6 21.Qh4 Qe7 22.c3 
Qf7 23.Bb1 Qe7 24.Ba2 Nb6 25.Ng5 Rxd1+ 26.Rxd1 Nc4 27.b4 Bb6 28.Bxc4 bxc4 
29.Nf3 1/2-1/2

[Event "11th Sigeman & Co"]
[Site "Malmo SWE"]
[Date "2003.04.30"]
[Round "2"]
[White "Hector, Jonny"]
[Black "Lindberg, Bengt"]
[Result "1-0"]
[WhiteElo "2553"]
[BlackElo "2392"]
[EventDate "2003.04.29"]
[PlyCount "71"]

1.d4 Nf6 2.Nc3 d5 3.Bg5 Nbd7 4.Qd3 e6 5.e4 dxe4 6.Nxe4 Be7 7.Nxf6+ Bxf6 8.
Bxf6 Qxf6 9.Nf3 c5 10.O-O-O O-O 11.Qe3 b6 12.Bb5 Qe7 13.d5 Nf6 14.Bc6 Rb8 
15.d6 Qd8 16.d7 Bb7 17.Ne5 Ng4 18.Nxg4 Bxc6 19.Rd6 Bd5 20.Rd1 h5 21.c4 
Bxc4 22.Ne5 Bd5 23.R1xd5 exd5 24.Nc6 Qc7 25.Ne7+ Kh7 26.Qe5 g6 27.Nxd5 Qd8
28.Nf6+ Kh6 29.g4 hxg4 30.Nxg4+ Kh7 31.Nf6+ Kh6 32.Rd3 g5 33.Rh3+ Kg6 34.
Qe4+ Kg7 35.Rh7+ Kxf6 36.Rh6+ 1-0

[Event "11th Sigeman & Co"]
[Site "Malmo SWE"]
[Date "2003.05.02"]
[Round "4"]
[White "Sutovsky, Emil"]
[Black "Lindberg, Bengt"]
[Result "1-0"]
[WhiteElo "2652"]
[BlackElo "2392"]
[EventDate "2003.04.29"]
[PlyCount "71"]

1.e4 c5 2.Nf3 e6 3.d3 Nc6 4.g3 g6 5.c3 Bg7 6.Bg2 Nge7 7.h4 h6 8.d4 cxd4 9.
cxd4 Qb6 10.d5 Qb4+ 11.Nfd2 Ne5 12.O-O Nd3 13.a3 Qb5 14.Nc3 Qa6 15.a4 O-O 
16.Nb5 Nxc1 17.Nc7 Ne2+ 18.Kh2 Qa5 19.Nxa8 Nd4 20.Rc1 exd5 21.exd5 d6 22.
Rc7 Nef5 23.h5 gxh5 24.Nc4 Qb4 25.Qxh5 b5 26.Ne3 Qxb2 27.axb5 Qxb5 28.Rfc1
Qb8 29.Be4 Nxe3 30.fxe3 Nb5 31.Rb1 a6 32.Re7 Qxa8 33.Rf1 Be6 34.dxe6 Qxe4 
35.exf7+ Kh8 36.Rxe4 1-0

[Event "11th Sigeman & Co"]
[Site "Copenhagen DEN"]
[Date "2003.05.05"]
[Round "6"]
[White "Lindberg, Bengt"]
[Black "Hillarp Persson, Tiger"]
[Result "0-1"]
[WhiteElo "2392"]
[BlackElo "2474"]
[EventDate "2003.04.29"]
[PlyCount "138"]

1.e4 g6 2.d4 Bg7 3.c3 d6 4.Bc4 Nf6 5.Qe2 O-O 6.Nf3 Nc6 7.Nbd2 Nh5 8.Nf1 e5
9.dxe5 Bg4 10.h3 Bxf3 11.gxf3 Nxe5 12.Bb3 Qf6 13.Nh2 a5 14.Bc2 Nf4 15.Qf1 
h5 16.Be3 b5 17.Bxf4 Qxf4 18.Qe2 b4 19.c4 a4 20.O-O Nc6 21.Qe3 Qxe3 22.
fxe3 Bxb2 23.Rab1 Bc3 24.Bd3 b3 25.a3 Ne5 26.Be2 Nd7 27.Kf2 Ba5 28.Rfd1 
Bb6 29.Nf1 Bc5 30.Ra1 Rab8 31.Rd3 Rfe8 32.Nd2 Ne5 33.Rc3 Bb6 34.Rd1 Ba5 
35.Rcc1 Bxd2 36.Rxd2 Nd7 37.Rb2 Re5 38.h4 Rb6 39.Ke1 Rc6 40.Kd2 Kf8 41.f4 
Re7 42.Bf3 Nc5 43.Kc3 Nxe4+ 44.Kd4 f5 45.Rg1 Kf7 46.Rbg2 Rb6 47.Rxg6 b2 
48.Rg7+ Ke6 49.Rxe7+ Kxe7 50.Bxe4 fxe4 51.Rb1 Ke6 52.Kxe4 Rb3 53.f5+ Kf6 
54.Kf4 Rc3 55.Rxb2 Rxc4+ 56.Kf3 Kxf5 57.Rb5+ c5 58.Rb8 Rxh4 59.Re8 d5 60.
Rc8 Rc4 61.Rh8 h4 62.Ke2 Re4 63.Rh5+ Ke6 64.Rh6+ Ke5 65.Kd3 c4+ 66.Kd2 Kf5
67.Rh5+ Kg4 68.Rxd5 h3 69.Rd8 h2 0-1